00634 a2200157 45000010006000000050017000060080041000230030015000640400040000790800072001192450120001912640028003113000019003395050100003581000018004585339320260407155809.0260407a1962 arg spa dAR-UNSa-BCEJYS aAR-UNSa-BCEJYSbspacAR-UNSa-BCEJYS a330.341.44xConcentración. Centralización (Industrialización)10aLa revolución industrial en el siglo XVIIIpensayo sobre los comienzos de la gran industria moderna en Inglaterra 1aMadrid :bAguilarc1962 a526 p.c21 cm. a1. Los antecedentes - 2. Grandes inventos y grandes empresas - 3. Las consecuencias inmediatas 1 aMantoux, Paul